=LDR 00000nam 2200000 4500 =001 NUTBA000000000000649 =005 20210913104050 =035 ##$$a 0010-031400000000648 =008 210913################g##########0#ind## =020 ##$$a 978-602-8361-03-3 =082 ##$$a 371.2 =245 ##$$a Manajemen pendidikan /$c Tim dosen =260 ##$$a Bandung :$b Alfabeta,$c 2009 =300 ##$$a xii, 368 hlm : $b Ilus ; $c 18 x 23 cm =440 ##$$aaMANAJEMEN PENDIDIKAN =850 ##$$aNBPNMAT =084 ##$$a 371.2 MAN =250 ##$$a Cet. 1 =650 #4$$a Manajemen dan organisasi sekolah =504 ##$$a Bibliografi : hlm. 368 =990 ##$$a 91835/BPAP-NTB/2014 =990 ##$$a 91920/BPAP-NTB/2014 =990 ##$$a 92149/BPAP-NTB/2014 =990 ##$$a 21107113 =990 ##$$a 91920/BPAP-NTB/2014 =990 ##$$a 92149/BPAP-NTB/2014 =990 ##$$a 21107114 =990 ##$$a 21107113 =990 ##$$a 91920/BPAP-NTB/2014 =990 ##$$a 21107115 =990 ##$$a 21107113 =990 ##$$a 21107114